|
|
|
|
| LEADER |
00000cam a2200000 7i4500 |
| 001 |
0000123797 |
| 005 |
20080925.0 |
| 020 |
|
|
|a 9781419552045
|
| 090 |
0 |
0 |
|a 650.76
|b GMA
|
| 245 |
1 |
0 |
|a GMAT :
|b premier program 2009 edition
|c Steff of Kaplan Test Prep and Admissions
|
| 260 |
|
|
|a New York :
|b Kaplan Publishing ,
|c 2008
|
| 300 |
|
|
|a 636p. ;
|c 28cm.
|
| 650 |
0 |
0 |
|a Graduate management admission test
|
| 650 |
0 |
0 |
|a Management
|x Examinations, questions, etc.
|
| 650 |
0 |
0 |
|a Universities and colleges
|z United States
|x Graduate work
|x Examinations
|x Study guides
|
| 710 |
1 |
|
|a Kaplan Test Prep and Admissions
|
| 999 |
|
|
|a 00219031
|b BUKU
|c RUJUKAN
|e PERPUSTAKAAN KOMUNITI PETALING JAYA
|